000 00403nam a2200169Ia 4500
005 20250423100233.0
008 250422s9999 xx 000 0 und d
020 _a0-03-063018-5
050 _aQD 261 .M63/
245 0 _aModern experimental organic chemistry
250 _a4th ed.
260 _aPhiladelphia
260 _bSaunders College Pub.
260 _c1985
300 _a804 p
942 _cBK
999 _c32697
_d32697